Statistics for Gyors matematika - négyzetgyökök

Click here to take the quiz!

General Stats

  • This quiz has been taken 176 times
  • The average score is 10 of 20

Answer Stats

problémaválasz% Correct
40020
100%
10010
91%
497
87%
14412
86%
819
86%
11
85%
42
85%
366
85%
255
84%
93
83%
648
83%
12111
80%
16913
79%
164
79%
250050
76%
90030
70%
19614
69%
28917
69%
360060
69%
22515
67%
25616
59%
160040
58%
36119
54%
67626
50%
122535
50%
62525
46%
96131
46%
129636
46%
102432
45%
260151
45%
240149
44%
84129
43%
57624
42%
176442
42%
230448
40%
44121
36%
202545
36%
32418
33%
48422
33%
52923
33%
72927
33%
78428
33%
184943
33%
211646
33%
152139
31%
280953
31%
108933
30%
302555
30%
220947
27%
291654
27%
324957
27%
115634
25%
168141
25%
336458
23%
193644
18%
313656
18%
136937
17%
270452
17%
144438
14%
348159
14%

Score Distribution

Percentile by Number Answered

Percent of People with Each Score

Your Score History

You have not taken this quiz